| 000 | 01338nam a22003017a 4500 | ||
|---|---|---|---|
| 001 | 9671 | ||
| 003 | FISKH | ||
| 005 | 20260128160858.0 | ||
| 008 | 260128b cb ||||| |||| 00| 0 eng d | ||
| 020 | _a9780462001166 | ||
| 040 |
_aFISKH _beng _cFISKH _dFISKH |
||
| 050 | _aPZ7 | ||
| 082 | _a372.6 | ||
| 100 |
_aDane, Billy _eAuthor |
||
| 245 |
_aMacey's mess / _cWritten by Billy Dane ; illustrated by Matt Wilson and Simon Barr |
||
| 250 | _aFirst published 2008 | ||
| 260 |
_aLondon : _bMarshall Cavedish Limited , _c2008. |
||
| 300 |
_a16 pages : _bcolor illustrations ; _c19 cm . |
||
| 490 |
_aMy Pals Are Here ! Reading Stars _v14a |
||
| 505 | _aK | ||
| 520 | _aMacey’s Mess follows a young child named Macey who gets into a playful mishap at home or school (depending on the story context). Through simple sentences and supportive illustrations, the book shows how Macey learns about taking responsibility, tidying up, and solving small problems. The story is written in easy, structured language to help early primary readers practice reading full sentences while engaging with a familiar and relatable scenario. | ||
| 521 | 8 |
_a510
_bLexile estimate |
|
| 521 | 8 |
_aK
_bRaz-Plus |
|
| 650 |
_aResponsibility _vTidying up |
||
| 700 |
_aWilson, Matt _eIllustrator |
||
| 942 |
_2ddc _cBK _n0 |
||
| 999 |
_c9671 _d9671 |
||